R (Regina Developments Ltd and others) v SoS Environment, Transport and the Regions, R (Holding & Barnes plc) v SoS Environment, Transport and the Regions, SoS Environment, Transport and the Regions v Legal and General Assurance Society Ltd (Record no. 67931)

MARC details
000 -LEADER
fixed length control field 02641cam a2200337 4500
001 - CONTROL NUMBER
control field ABS64296
008 - FIXED-LENGTH DATA ELEMENTS--GENERAL INFORMATION
fixed length control field 010807n2001 000 0 eng u
035 ## - SYSTEM CONTROL NUMBER
System control number (Sirsi) u113982
245 ## - TITLE STATEMENT
Title R (Regina Developments Ltd and others) v SoS Environment, Transport and the Regions, R (Holding & Barnes plc) v SoS Environment, Transport and the Regions, SoS Environment, Transport and the Regions v Legal and General Assurance Society Ltd
260 ## - PUBLICATION, DISTRIBUTION, ETC.
Date of publication, distribution, etc. 2001
490 ## - SERIES STATEMENT
Series statement Weekly Law Reports
Volume/sequential designation [2001] 2 WLR 1389-1451(62)
520 ## - SUMMARY, ETC.
Summary, etc. HL 9 May 2001.Three cojoined appeals for judicial review and application by the SoS Environment from the decision of the Divisional Court, declaring that the SoS's powers to call in or recover decisions under the Town and Country Planning Act 1990, the Transport and Works Act 1992, Highways Act 1980 and the Acquisition of Land Act 1981, contravened the European Convention on Human Rights Article 6(1). The applications were on the grounds that the SoS is not an independent or impartial tribunal. The SoS conceded that he was not such a tribunal but sought to contend the right of appeal to and the reviewing process to the High Court, and that the process was in accordance with the Article. "Held", the SoS was not an independent and impartial tribunal but decisions taken by him were not incompatible with Article 6(1) as incorporated into the Human Rights Act 1998 sched 1 as they were subject to review by an independent and impartial tribunal. Maintains that the SoS's powers are essentially administrative rather than judicial. Reverses the QBD's decision. http://www.parliament.the-stationery-office.co.uk/pa/ld200001/ldjudgmt/jd010509/alcon-1.htm
590 ## - LOCAL NOTE (RLIN)
Local note ABS
650 ## - SUBJECT ADDED ENTRY--TOPICAL TERM
Topical term or geographic name entry element ACQUISITION OF LAND ACT 1981
650 ## - SUBJECT ADDED ENTRY--TOPICAL TERM
Topical term or geographic name entry element Compulsory purchase
9 (RLIN) 6228
650 ## - SUBJECT ADDED ENTRY--TOPICAL TERM
Topical term or geographic name entry element CONVENTION FOR THE PROTECTION OF HUMAN RIGHTS AND FUNDAMENTAL FREEDOMS ART 6(1)
650 ## - SUBJECT ADDED ENTRY--TOPICAL TERM
Topical term or geographic name entry element HIGHWAYS ACT 1980
650 ## - SUBJECT ADDED ENTRY--TOPICAL TERM
Topical term or geographic name entry element HUMAN RIGHTS ACT 1998
650 ## - SUBJECT ADDED ENTRY--TOPICAL TERM
Topical term or geographic name entry element PLANNING APPEALS
650 ## - SUBJECT ADDED ENTRY--TOPICAL TERM
Topical term or geographic name entry element PLANNING APPLICATIONS
650 ## - SUBJECT ADDED ENTRY--TOPICAL TERM
Topical term or geographic name entry element R V SOS ENVIRONMENT, TRANSPORT AND THE REGIONS EX P ALCONBURY DEVELOPMENTS
650 ## - SUBJECT ADDED ENTRY--TOPICAL TERM
Topical term or geographic name entry element R V SOS ENVIRONMENT EX P HOLDING AND BARNES PLC
650 ## - SUBJECT ADDED ENTRY--TOPICAL TERM
Topical term or geographic name entry element R V SOS ENVIRONMENT EX P LEGAL AND GENERAL ASSURANCE SOCIETY
650 ## - SUBJECT ADDED ENTRY--TOPICAL TERM
Topical term or geographic name entry element R V SOS ENVIRONMENT EX P PREMIER LEISURE
650 ## - SUBJECT ADDED ENTRY--TOPICAL TERM
Topical term or geographic name entry element TOWN AND COUNTRY PLANNING ACT 1990
650 ## - SUBJECT ADDED ENTRY--TOPICAL TERM
Topical term or geographic name entry element TRANSPORT AND WORKS ACT 1992
650 ## - SUBJECT ADDED ENTRY--TOPICAL TERM
Topical term or geographic name entry element IMPARTIALITY
690 ## - LOCAL SUBJECT ADDED ENTRY--TOPICAL TERM (OCLC, RLIN)
Topical term or geographic name as entry element ENVIRONMENTAL AND LAND CONSULTANCY-PLANNING AND DEVELOPMENT
856 ## - ELECTRONIC LOCATION AND ACCESS
Uniform Resource Identifier <a href="https://www.parliament.the-stationery-office.co.uk/pa/ld200001/ldjudgmt/jd010509/alcon-1.htm">https://www.parliament.the-stationery-office.co.uk/pa/ld200001/ldjudgmt/jd010509/alcon-1.htm</a>
942 ## - ADDED ENTRY ELEMENTS (KOHA)
Suppress in OPAC 0
Holdings
Withdrawn status Lost status Source of classification or shelving scheme Damaged status Not for loan Home library Current library Shelving location Date acquired Total Checkouts Full call number Barcode Date last seen Copy number Price effective from Koha item type
    Dewey Decimal Classification     London London Journal article 07/08/2001   ABS64296 113982-1001 06/08/2019 1 06/08/2019 Law report